¡Tú pagas! (Record no. 158035)

MARC details
000 -LEADER
campo de control de longitud fija 00722nam a22001935i 4500
001 - NÚMERO DE CONTROL
campo de control 158035
003 - IDENTIFICADOR DE NÚMERO DE CONTROL
campo de control ES-MaACL
005 - FECHA Y HORA DE LA ÚLTIMA TRANSACCIÓN
campo de control 20250823112405.0
008 - DATOS DE LONGITUD FIJA--INFORMACIÓN GENERAL
campo de control de longitud fija 040826s1888 sp |||| | spa d
040 ## - FUENTE DE CATALOGACIÓN
Centro catalogador/agencia de origen CAM
Lengua de catalogación spa
Centro/agencia transcriptor CAM
100 1# - ENTRADA PRINCIPAL--NOMBRE DE PERSONA
Nombre de persona López Giménez, Miguel.
9 (RLIN) 222891
245 10 - MENCIÓN DEL TÍTULO
Título ¡Tú pagas!
Resto del título : juguete cómico en un acto y en verso /
Mención de responsabilidad, etc. original de Miguel López Giménez.
260 ## - PUBLICACIÓN, DISTRIBUCIÓN, ETC.
Lugar de publicación, distribución, etc. Albuñol :
Nombre del editor, distribuidor, etc. [s.n.],
Fecha de publicación, distribución, etc. 1888 (
Fabricante Imp. de Juan López García)
300 ## - DESCRIPCIÓN FÍSICA
Extensión 43 p. ;
Dimensiones 20 cm.
650 #0 - PUNTO DE ACCESO ADICIONAL DE MATERIA--TÉRMINO DE MATERIA
Término de materia o nombre geográfico como elemento de entrada Teatro-
Subdivisión cronológica S.XIX
9 (RLIN) 234197
752 ## - ENTRADA AGREGADA--NOMBRE JERÁRQUICO DEL LUGAR
País o entidad superior España -
Jurisdicción política intermedia Granada -
Ciudad Albuñol
852 ## - LOCALIZACIÓN
Ubicación ES-MaACL
Número de control de estantería L-4901(8-4)
Nota libre -- Enc. hol.
condición física -- Falto de la cub. original
Nota libre -- Enc. en un vol. facticio
Holdings
Estatus retirado Estado de pérdida Estado de daño No para préstamo Colección Biblioteca de origen Biblioteca actual Ubicación en estantería Fecha de adquisición Fuente de adquisición Total de préstamos Signatura topográfica completa Código de barras Visto por última vez Precio de reemplazo Tipo de ítem Koha
        Libros del s. XIX Biblioteca del Ateneo de Madrid Biblioteca del Ateneo de Madrid Depósito 2 17/01/2008     L-4901(8-4) 1165398 23/02/2023 23/02/2023 Libro impreso antiguo